Kaleidoscope readings in education (Record no. 252139)
[ view plain ]
| 000 -LEADER | |
|---|---|
| fixed length control field | 00242nam a22001097a 4500 |
| 020 ## - INTERNATIONAL STANDARD BOOK NUMBER | |
| ISBN | 0618042806 |
| 100 ## - MAIN ENTRY--AUTHOR NAME | |
| Personal name | Kevin Ryan & James M Cooper |
| 245 ## - TITLE STATEMENT | |
| Title | Kaleidoscope readings in education |
| 250 ## - EDITION STATEMENT | |
| Edition statement | 9th ed |
| 260 ## - PUBLICATION, DISTRIBUTION, ETC. (IMPRINT) | |
| Year of publication | 2001 |
| 942 ## - ADDED ENTRY ELEMENTS (KOHA) | |
| Koha item type | Long Loan Books |
| Withdrawn status | Lost status | Collection code | Home library | Current library | Shelving location | Date acquired | Full call number | Accession Number | Koha item type |
|---|---|---|---|---|---|---|---|---|---|
| Non-fiction | Rongo University Library | Rongo University Library | General Stacks | 26/01/2016 | LA209.2 .K25 2007 | 20168880 | Long Loan Books |
